00452nam a22001217a 4500008004100000020001800041082001400059100001900073245011100092260009200203300001700295700001800312211228b |||||||| |||| 00| 0 eng d a9789993699385 a333.7 DOE aDoelkar, Shera aA technical note :bsoil conservation improves carbon stocks, soil fertility and Agricultural productivity aBumthang :bUgyen Wangchuk Institute of Conservation and Environmental Research,c2018. a8 p.c21 cm. aWangmo, Cheki